00322cam a2200133Ia 4500020001500000040000800015041000800023082002600031100001900057245002700076250002000103300003800123650002700161 a0834801981 cLPU1 hjpn a895 JOH 1984 A094 Or.1 aIkeda, Daisaku14aThe human revolution / a"first edition" avolumes :billustrations ;c22 cm 0aNichiren Sh¿‍sh¿±